000 00389pab a2200169 454500
008 180718b1995 xxu||||| |||| 00| 0 eng d
100 _aChandra Sekar, S.
245 _aShould octroi be abolished?
260 _c1995
300 _ap.10-20,20
362 _a15 Jan
650 _aLocal taxation
650 _aMunicipal finance
650 _aOctroi
773 _aYojana
909 _a26305
999 _c26305
_d26305